banner-ar

اليانور دوقة اكوتين : (Record no. 61592)

MARC details
000 -الفاتح
حقل البيانات ثابتة الطول 01005nam a22002417a 4500
005 - وقت وتاريخ اخر تعامل مع التسجيلة
رقم الضبط 20240530110507.0
008 - عناصر البيانات ثابتة الطول - معلومات عامة
حقل البيانات ثابتة الطول 151012s2009 ua a g 000 0 ara d
017 ## - رقم الايداع القانونى
رقم الايداع القانونى 2009/4710
المصدر ( الهيئة المختصة) مصر . دار الكتب المصرية
020 ## - الرقم الدولى المعيارى للكتب
الرقم الدولى المعيارى للكتاب 977322256x
040 ## - مصدر الفهرسة
وكالة الفهرسة الأصلية EG-CaGPL
082 04 - رقم تصنيف ديوى العشرى
رقم الطبعة 21
رقم التصنيف 940.182\
رقم المادة ز إ
100 0# - المدخل الرئيسى - إسم شخصى
الإسم الشخصى زينب عبدالمجيد عبدالقوى .
245 10 - بيان العنوان
العنوان اليانور دوقة اكوتين :
بقية العنوان مرآة اوربا القرن الثانى عشر 1122 - 1204 م /
بيان المسئوليه,etc زينب عبدالمجيد عبدالقوى .
250 ## - بيان الطبعة
بيان الطبعة ط1.
260 ## - PUBLICATION, DISTRIBUTION, ETC. (IMPRINT)
تاريخ النشر أو التوزيع 2009 .
300 ## - الوصف المادى
التعداد 167 ص ؛
أبعاد الوعاء 24 سم .
600 0# - المدخل الاضافى بالموضوع-اسم شخصى
الإسم الشخصى اليانور دوقة اكوتين .
650 04 - المدخل الاضافى بالموضوع-مصطلح موضوعى
مصطلح موضوعي الحروب الصليبية .
651 04 - المدخل الاضافى بالموضوع - اسم جغرافى
الاسم الجغرافي اوربا
التقسيم الفرعي العام تاريخ .
651 04 - المدخل الاضافى بالموضوع - اسم جغرافى
الاسم الجغرافي اوربا
التقسيم الفرعي العام تاريخ
التقسيم الفرعي الزمني العصور الوسطى .
942 ## - عناصر المدخل الإضافي( كوها)
مصدر التصنيف او مخطط الترفيف Dewey Decimal Classification
Koha [default] item type كتاب
260 ## - PUBLICATION, DISTRIBUTION, ETC. (IMPRINT)
-- القاهرة :
-- عين للدراسات و البحوث الانسانية و الاجتماعية ،
Holdings
حالة التراجع حالة الفقد حالة تلف ليس للاعارة المكان المؤقت الموقع الحالى تاريخ الاكتساب اجمالي اﻻعارات رقم الطلب الباركود تاريخ اخر مشاهدة تاريخ تفعيل السعر نوع وعاء كوها
        مكتبة القاهرة الكبرى مكتبة القاهرة الكبرى 10/12/2015   940.182\ ز إ 160920 10/12/2015 10/12/2015 كتاب

Powered By

EGPV